[Event "I Open Ciudat de Sabadell 2008"]
[Site "Sabadell ESP"]
[Date "2008.07.13"]
[Round "1.1"]
[White "Navines Monfa, Josep"]
[Black "Movsziszian, Karen"]
[Result "0-1"]
[WhiteElo "1959"]
[BlackElo "2560"]
[PlyCount "75"]
[EventDate "2008.07.13"]
[EventType "swiss"]
[EventRounds "9"]
[EventCountry "ESP"]
[SourceTitle "Ajedrez en Madrid"]
[Source "lmi"]
[SourceDate "2008.07.13"]
[SourceVersion "1"]
[SourceVersionDate "2019.07.10"]
[SourceQuality "1"]

1. e4 g6 2. Nf3 Bg7 3. d4 d6 4. Nc3 a6 5. Be2 b5 6. a3 e6 7. O-O Nd7 8. Be3 Bb7
9. h3 Ne7 10. Qd2 h6 11. Rad1 g5 12. Nh2 Ng6 13. f4 gxf4 14. Bxf4 Nxf4 15. Qxf4
Qe7 16. Qf2 Rf8 17. Bf3 O-O-O 18. Qe2 Kb8 19. Ng4 c5 20. e5 d5 21. dxc5 Qxc5+
22. Kh1 Qc7 23. Rde1 h5 24. Nf6 Nxf6 25. exf6 Bxf6 26. Nxb5 axb5 27. Qxb5 Qg3
28. Qe2 Be7 29. Qe5+ Qxe5 30. Rxe5 h4 31. Re3 Rd6 32. c3 Bg5 33. Ree1 f5 34.
Be2 e5 35. Rb1 e4 36. a4 d4 37. cxd4 Rxd4 38. a5 0-1

[Event "I Open Ciudat de Sabadell 2008"]
[Site "Sabadell ESP"]
[Date "2008.07.13"]
[Round "1.3"]
[White "Cerdans Costa, Ferran"]
[Black "Almeida Quintana, Omar"]
[Result "0-1"]
[WhiteElo "1906"]
[BlackElo "2524"]
[PlyCount "42"]
[EventDate "2008.07.13"]
[EventType "swiss"]
[EventRounds "9"]
[EventCountry "ESP"]
[SourceTitle "Ajedrez en Madrid"]
[Source "lmi"]
[SourceDate "2008.07.13"]
[SourceVersion "1"]
[SourceVersionDate "2019.07.10"]
[SourceQuality "1"]

1. d4 Nf6 2. c4 c5 3. e3 g6 4. Nf3 Bg7 5. Be2 O-O 6. O-O cxd4 7. exd4 d5 8. Qb3
Nc6 9. cxd5 Na5 10. Qc2 Nxd5 11. a3 Bf5 12. Bd3 Rc8 13. Nc3 Bg4 14. Ne5 Be6 15.
Bd2 Nxc3 16. Bxc3 Nb3 17. Rae1 Nxd4 18. Qa4 Nb3 19. Bc4 Nc5 20. Qb4 Bxc4 21.
Qxc4 Bxe5 0-1

[Event "I Open Ciudat de Sabadell 2008"]
[Site "Sabadell ESP"]
[Date "2008.07.13"]
[Round "1.4"]
[White "Kovchan, Alexander"]
[Black "Melich Martinez, Josep"]
[Result "1-0"]
[WhiteElo "2520"]
[BlackElo "1898"]
[PlyCount "58"]
[EventDate "2008.07.13"]
[EventType "swiss"]
[EventRounds "9"]
[EventCountry "ESP"]
[SourceTitle "Ajedrez en Madrid"]
[Source "lmi"]
[SourceDate "2008.07.13"]
[SourceVersion "1"]
[SourceVersionDate "2019.07.10"]
[SourceQuality "1"]

1. e4 c6 2. d4 d5 3. e5 Bf5 4. Be3 e6 5. Nd2 Ne7 6. f4 h5 7. Ngf3 Bh7 8. Be2
Nf5 9. Bf2 Be7 10. O-O Bg6 11. c3 Nd7 12. Nb3 b6 13. a4 a5 14. Rc1 Rc8 15. c4
Nb8 16. cxd5 Qxd5 17. Bc4 Qd8 18. Qd2 O-O 19. Rfd1 Qd7 20. g3 Rfd8 21. h3 Qb7
22. g4 hxg4 23. hxg4 Nh6 24. Nh4 Bh7 25. Bg3 Rc7 26. Ng2 Na6 27. Ne3 Nb4 28. f5
Nd5 29. Bxd5 cxd5 1-0

[Event "I Open Ciudat de Sabadell 2008"]
[Site "Sabadell ESP"]
[Date "2008.07.13"]
[Round "1.5"]
[White "Cayuela Hernandez, Juan  Manuel"]
[Black "Alsina Leal, Daniel"]
[Result "0-1"]
[WhiteElo "1887"]
[BlackElo "2517"]
[PlyCount "64"]
[EventDate "2008.07.13"]
[EventType "swiss"]
[EventRounds "9"]
[EventCountry "ESP"]
[SourceTitle "Ajedrez en Madrid"]
[Source "lmi"]
[SourceDate "2008.07.13"]
[SourceVersion "1"]
[SourceVersionDate "2019.07.10"]
[SourceQuality "1"]

1. e4 c5 2. Nf3 d6 3. Nc3 Nf6 4. d4 cxd4 5. Nxd4 a6 6. Be2 e5 7. Nf3 h6 8. Be3
Be6 9. O-O Be7 10. h3 O-O 11. Qd2 Nbd7 12. Rad1 Rc8 13. Nh4 Nxe4 14. Nxe4 d5
15. Ng3 Bxh4 16. c3 f5 17. Nh5 f4 18. Bxf4 exf4 19. Nxf4 Bf7 20. Nxd5 Nb6 21.
Nxb6 Qxb6 22. c4 Rxc4 23. Bxc4 Bxc4 24. b3 Bxf1 25. Rxf1 Kh8 26. Qe2 Qd4 27.
Qc2 b5 28. a4 b4 29. Qe2 a5 30. Qc2 Qc3 31. Qe4 Bxf2+ 32. Rxf2 Qa1+ 0-1

[Event "I Open Ciudat de Sabadell 2008"]
[Site "Sabadell ESP"]
[Date "2008.07.13"]
[Round "1.6"]
[White "Abreu Delgado, Aryam"]
[Black "Martinez Hernandez, Emili"]
[Result "1-0"]
[WhiteElo "2502"]
[BlackElo "1884"]
[PlyCount "93"]
[EventDate "2008.07.13"]
[EventType "swiss"]
[EventRounds "9"]
[EventCountry "ESP"]
[SourceTitle "Ajedrez en Madrid"]
[Source "lmi"]
[SourceDate "2008.07.13"]
[SourceVersion "1"]
[SourceVersionDate "2019.07.10"]
[SourceQuality "1"]

1. e4 c5 2. Nf3 a6 3. c4 Nc6 4. d4 cxd4 5. Nxd4 e5 6. Nf5 d6 7. Nc3 Be6 8. Bd3
Rc8 9. O-O Qd7 10. Na4 Rc7 11. Nb6 Qd8 12. Be3 Nge7 13. Qa4 Nxf5 14. exf5 Bd7
15. Qd1 Ne7 16. Bg5 h6 17. Bh4 Rc6 18. Nd5 Qc8 19. Bxe7 Bxe7 20. Qf3 Qd8 21. b3
Bf6 22. Be4 Rc8 23. Nxf6+ Qxf6 24. Bxb7 Rc7 25. Be4 O-O 26. Rad1 Rfc8 27. Rd3
Bc6 28. Rfd1 Bxe4 29. Qxe4 Rc6 30. Rd5 Kf8 31. h3 Ke7 32. f4 Kf8 33. fxe5 dxe5
34. Qxe5 Qxe5 35. Rxe5 Re8 36. Rxe8+ Kxe8 37. Kf2 Ke7 38. g4 Kf6 39. Kf3 g6 40.
fxg6 Kxg6 41. Rd5 Rf6+ 42. Kg3 Re6 43. h4 Re3+ 44. Kf4 Re6 45. c5 Rf6+ 46. Kg3
Kg7 47. Rd6 1-0

[Event "I Open Ciudat de Sabadell 2008"]
[Site "Sabadell ESP"]
[Date "2008.07.13"]
[Round "1.7"]
[White "Demestres Lopez, Ricardo"]
[Black "Jovanic, Ognjen"]
[Result "0-1"]
[WhiteElo "1873"]
[BlackElo "2493"]
[PlyCount "88"]
[EventDate "2008.07.13"]
[EventType "swiss"]
[EventRounds "9"]
[EventCountry "ESP"]
[SourceTitle "Ajedrez en Madrid"]
[Source "lmi"]
[SourceDate "2008.07.13"]
[SourceVersion "1"]
[SourceVersionDate "2019.07.10"]
[SourceQuality "1"]

1. e4 c5 2. Nf3 e6 3. d4 cxd4 4. Nxd4 Nc6 5. Nxc6 bxc6 6. c4 Nf6 7. Nc3 Bb4 8.
Qc2 e5 9. Bd2 d6 10. Be2 O-O 11. O-O Bc5 12. h3 Qe7 13. Rfe1 h6 14. Bd3 Nh5 15.
Be3 Bb6 16. Bxb6 axb6 17. Kh2 Nf4 18. Re3 Bd7 19. Bf1 Ne6 20. Qd2 Rfd8 21. Rd1
Be8 22. Rd3 Nd4 23. Rg3 Kh8 24. a3 f6 25. Be2 Bf7 26. Qd3 Qe6 27. Bf1 Bg8 28.
Kg1 Qe8 29. Ne2 Ne6 30. Qc3 Bh7 31. Re3 Qe7 32. f3 Bg8 33. Qd2 c5 34. Nc3 Nd4
35. Nd5 Bxd5 36. exd5 f5 37. Ree1 Qf6 38. Bd3 Re8 39. Qf2 Qg5 40. Qe3 Qh5 41.
Qf2 Ra7 42. Qg3 Rf7 43. Rd2 Rf6 44. Rf1 Rg6 0-1

[Event "I Open Ciudat de Sabadell 2008"]
[Site "Sabadell ESP"]
[Date "2008.07.13"]
[Round "1.10"]
[White "Danilov, Vladimir"]
[Black "Corrales Adamuz, Cristian"]
[Result "1-0"]
[WhiteElo "2426"]
[BlackElo "1792"]
[PlyCount "71"]
[EventDate "2008.07.13"]
[EventType "swiss"]
[EventRounds "9"]
[EventCountry "ESP"]
[SourceTitle "Ajedrez en Madrid"]
[Source "lmi"]
[SourceDate "2008.07.13"]
[SourceVersion "1"]
[SourceVersionDate "2019.07.10"]
[SourceQuality "1"]

1. d4 d5 2. c4 e6 3. Nc3 Bb4 4. Nf3 Nf6 5. Bg5 c6 6. e3 Nbd7 7. Qb3 Qa5 8. Bh4
Ne4 9. Rc1 O-O 10. Bd3 f5 11. O-O Re8 12. Bxe4 fxe4 13. Nd2 Be7 14. Bxe7 Rxe7
15. cxd5 exd5 16. Ndxe4 Qb6 17. Qxb6 Nxb6 18. Nd2 Bf5 19. b4 Nd7 20. b5 Bd3 21.
bxc6 Bxf1 22. Nxd5 Rf7 23. c7 Rc8 24. Ne4 Nb6 25. Nd6 Ba6 26. Nxc8 Nxd5 27.
Nxa7 Rxc7 28. Rxc7 Nxc7 29. e4 Nb5 30. Nxb5 Bxb5 31. f3 Kf7 32. Kf2 Ke6 33. Ke3
g5 34. d5+ Ke5 35. g3 Bc4 36. a3 1-0

[Event "I Open Ciudat de Sabadell 2008"]
[Site "Sabadell ESP"]
[Date "2008.07.14"]
[Round "2.1"]
[White "Movsziszian, Karen"]
[Black "Alonso Castillo, Sergio"]
[Result "1-0"]
[WhiteElo "2560"]
[BlackElo "2118"]
[PlyCount "79"]
[EventDate "2008.07.13"]
[EventType "swiss"]
[EventRounds "9"]
[EventCountry "ESP"]
[SourceTitle "Ajedrez en Madrid"]
[Source "lmi"]
[SourceDate "2008.07.13"]
[SourceVersion "1"]
[SourceVersionDate "2019.07.10"]
[SourceQuality "1"]

1. Nf3 Nf6 2. g3 d5 3. Bg2 c6 4. O-O Bg4 5. d3 Nbd7 6. Nbd2 e6 7. e4 dxe4 8.
dxe4 Ne5 9. Qe1 Nxf3+ 10. Nxf3 Bxf3 11. Bxf3 e5 12. a4 a5 13. Be3 Bb4 14. c3
Be7 15. Qe2 O-O 16. Bg2 Qc7 17. Kh1 Rfe8 18. f3 Rab8 19. Bh3 b5 20. Rfc1 Rb7
21. c4 bxa4 22. Rxa4 Reb8 23. Rc2 Bb4 24. Ra1 Rd8 25. c5 Qe7 26. Bf1 Rbd7 27.
Kg2 Ne8 28. Rac1 Nc7 29. f4 Nb5 30. Qg4 h5 31. Qxh5 Nd4 32. Rf2 Nb3 33. fxe5
Nxc1 34. Bc4 Nd3 35. Rf5 Nxc5 36. Bg5 Rd2+ 37. Kh3 Nxe4 38. Bxf7+ Qxf7 39.
Qxf7+ Kh7 40. Bxd8 1-0

[Event "I Open Ciudat de Sabadell 2008"]
[Site "Sabadell ESP"]
[Date "2008.07.14"]
[Round "2.5"]
[White "Alsina Leal, Daniel"]
[Black "Roig Gorina, Harold"]
[Result "1-0"]
[WhiteElo "2517"]
[BlackElo "1978"]
[PlyCount "60"]
[EventDate "2008.07.13"]
[EventType "swiss"]
[EventRounds "9"]
[EventCountry "ESP"]
[SourceTitle "Ajedrez en Madrid"]
[Source "lmi"]
[SourceDate "2008.07.13"]
[SourceVersion "1"]
[SourceVersionDate "2019.07.10"]
[SourceQuality "1"]

1. e4 c5 2. Nf3 d6 3. d4 cxd4 4. Nxd4 Nf6 5. Nc3 g6 6. Be3 Bg7 7. f3 O-O 8. Qd2
Nc6 9. O-O-O Nxd4 10. Bxd4 Qa5 11. Kb1 e5 12. Be3 Be6 13. g4 Rfc8 14. a3 Rc6
15. g5 Nh5 16. Nb5 Qxd2 17. Rxd2 a6 18. Nxd6 b5 19. Be2 Nf4 20. Rhd1 Nxe2 21.
Rxe2 Rd8 22. Red2 Rd7 23. Ne8 Rxd2 24. Rxd2 Rc8 25. Nxg7 Kxg7 26. Rd6 a5 27.
Bd2 a4 28. Bc3 Rc5 29. f4 Rc4 30. Bxe5+ f6 1-0

[Event "I Open Ciudat de Sabadell 2008"]
[Site "Sabadell ESP"]
[Date "2008.07.14"]
[Round "2.6"]
[White "Muriel Rojas, Francisco"]
[Black "Abreu Delgado, Aryam"]
[Result "0-1"]
[WhiteElo "2132"]
[BlackElo "2502"]
[PlyCount "60"]
[EventDate "2008.07.13"]
[EventType "swiss"]
[EventRounds "9"]
[EventCountry "ESP"]
[SourceTitle "Ajedrez en Madrid"]
[Source "lmi"]
[SourceDate "2008.07.13"]
[SourceVersion "1"]
[SourceVersionDate "2019.07.10"]
[SourceQuality "1"]

1. Nf3 c5 2. c4 Nc6 3. g3 e5 4. Nc3 g6 5. Bg2 Bg7 6. d3 d6 7. Rb1 Nge7 8. Nd2
Be6 9. Nde4 O-O 10. O-O h6 11. f4 f5 12. Nf2 Qd7 13. a3 d5 14. cxd5 Nxd5 15.
Qa4 exf4 16. Bxd5 Bxd5 17. Bxf4 Be6 18. Bd2 a6 19. Qc2 Nd4 20. Qd1 Bb3 21. Qc1
g5 22. e4 b5 23. Be3 Rac8 24. Kg2 b4 25. Ncd1 fxe4 26. Nxe4 Rxf1 27. Kxf1 Qh3+
28. Ke1 Qxh2 29. Ndf2 c4 30. axb4 Qg2 0-1

[Event "I Open Ciudat de Sabadell 2008"]
[Site "Sabadell ESP"]
[Date "2008.07.14"]
[Round "2.7"]
[White "Jovanic, Ognjen"]
[Black "Otero Salgas, Carles"]
[Result "1-0"]
[WhiteElo "2493"]
[BlackElo "1973"]
[PlyCount "33"]
[EventDate "2008.07.13"]
[EventType "swiss"]
[EventRounds "9"]
[EventCountry "ESP"]
[SourceTitle "Ajedrez en Madrid"]
[Source "lmi"]
[SourceDate "2008.07.13"]
[SourceVersion "1"]
[SourceVersionDate "2019.07.10"]
[SourceQuality "1"]

1. d4 e6 2. c4 f5 3. Nc3 Nf6 4. e3 c6 5. Bd3 d6 6. Qc2 Be7 7. Nf3 O-O 8. e4
fxe4 9. Nxe4 h6 10. O-O Qc7 11. Re1 e5 12. dxe5 dxe5 13. Nxf6+ Bxf6 14. Qe2 Bg4
15. h3 Bxf3 16. Qxf3 Bh4 17. Bh7+ 1-0

[Event "I Open Ciudat de Sabadell 2008"]
[Site "Sabadell ESP"]
[Date "2008.07.14"]
[Round "2.8"]
[White "Sanfeliu Fabregas, Albert"]
[Black "Perez*, Mitjans Orelvis"]
[Result "0-1"]
[WhiteElo "2114"]
[BlackElo "2441"]
[PlyCount "86"]
[EventDate "2008.07.13"]
[EventType "swiss"]
[EventRounds "9"]
[EventCountry "ESP"]
[SourceTitle "Ajedrez en Madrid"]
[Source "lmi"]
[SourceDate "2008.07.13"]
[SourceVersion "1"]
[SourceVersionDate "2019.07.10"]
[SourceQuality "1"]

1. e4 d5 2. exd5 Qxd5 3. Nc3 Qa5 4. b4 Qxb4 5. Rb1 Qd6 6. Bc4 Nf6 7. Nf3 c6 8.
d4 b5 9. Bb3 Nbd7 10. O-O e6 11. Re1 Be7 12. Ng5 Nb6 13. Nce4 Nxe4 14. Rxe4 h6
15. Qh5 g6 16. Qh3 Nd5 17. Re1 Nf4 18. Bxf4 Qxf4 19. Qc3 Bd7 20. Ne4 O-O 21.
Nc5 Qc7 22. Nxd7 Qxd7 23. Qg3 Qxd4 24. Rbd1 Qh4 25. Qf3 c5 26. Re4 Qf6 27. Rf4
Qg7 28. c4 b4 29. h4 Rad8 30. g3 Rxd1+ 31. Qxd1 Rd8 32. Qe2 Qc3 33. h5 g5 34.
Rf3 Qa1+ 35. Kh2 Bf6 36. Qe4 Qe5 37. Qc6 g4 38. Rf4 Qxh5+ 39. Kg1 Qg5 40. Qe4
h5 41. Bc2 Rd2 42. Qh7+ Kf8 43. Qe4 Be5 0-1

[Event "I Open Ciudat de Sabadell 2008"]
[Site "Sabadell ESP"]
[Date "2008.07.14"]
[Round "2.9"]
[White "Marin Plana, Roger"]
[Black "Gongora Reyes, Maikel"]
[Result "0-1"]
[WhiteElo "1703"]
[BlackElo "2436"]
[PlyCount "56"]
[EventDate "2008.07.13"]
[EventType "swiss"]
[EventRounds "9"]
[EventCountry "ESP"]
[SourceTitle "Ajedrez en Madrid"]
[Source "lmi"]
[SourceDate "2008.07.13"]
[SourceVersion "1"]
[SourceVersionDate "2019.07.10"]
[SourceQuality "1"]

1. e4 e5 2. Nf3 Nc6 3. Bc4 Nf6 4. Ng5 d5 5. exd5 Na5 6. Bb5+ c6 7. dxc6 bxc6 8.
Ba4 h6 9. Nf3 e4 10. Ne5 Qd4 11. Bxc6+ Nxc6 12. Nxc6 Qd5 13. Nxa7 Bg4 14. Nc3
Qh5 15. Ne2 Rxa7 16. d4 Bd6 17. Be3 O-O 18. Qd2 Rb8 19. b3 Bb4 20. c3 Bxe2 21.
cxb4 Bd3 22. Rc1 Qg6 23. Rg1 Nd5 24. f3 Nxe3 25. Qxe3 Rxa2 26. Qf4 Re8 27. Qg3
exf3+ 28. Kd1 Bc2+ 0-1

[Event "I Open Ciudat de Sabadell 2008"]
[Site "Sabadell ESP"]
[Date "2008.07.15"]
[Round "3.1"]
[White "Movsziszian, Karen"]
[Black "Danilov, Vladimir"]
[Result "1-0"]
[WhiteElo "2560"]
[BlackElo "2426"]
[PlyCount "102"]
[EventDate "2008.07.13"]
[EventType "swiss"]
[EventRounds "9"]
[EventCountry "ESP"]
[SourceTitle "Ajedrez en Madrid"]
[Source "lmi"]
[SourceDate "2008.07.13"]
[SourceVersion "1"]
[SourceVersionDate "2019.07.10"]
[SourceQuality "1"]

1. g3 d5 2. Bg2 e5 3. c4 d4 4. d3 c5 5. Nf3 Nc6 6. O-O Nge7 7. e3 Ng6 8. exd4
exd4 9. Re1+ Be7 10. h4 Bg4 11. Qb3 Qb6 12. Qxb6 axb6 13. Bd2 h5 14. Na3 O-O
15. Nb5 Rac8 16. a3 Rfe8 17. Rab1 Kf8 18. b4 cxb4 19. axb4 Red8 20. Rb2 Rd7 21.
Ra1 Re8 22. Ne1 Nge5 23. f4 Ng6 24. Ra4 Bf6 25. Be4 Nge7 26. Rba2 Nf5 27. Kf2
Ne3 28. Ra8 Nd1+ 29. Kg2 Nc3 30. Rxe8+ Kxe8 31. Ra8+ Rd8 32. Rxd8+ Kxd8 33. Nd6
Nxb4 34. Nxf7+ Ke7 35. Ne5 Bxe5 36. fxe5 Nc6 37. Bxc3 dxc3 38. Kf2 Ke6 39. Ke3
Kxe5 40. d4+ Kf6 41. d5 Ne5 42. Kd4 Bf5 43. Bc2 Bxc2 44. Nxc2 Nf7 45. Kxc3 Ke5
46. Nd4 Nd6 47. Nf3+ Ke4 48. Ng5+ Ke5 49. Kb4 g6 50. Ne6 Kf5 51. Nf8 g5 1-0

[Event "I Open Ciudat de Sabadell 2008"]
[Site "Sabadell ESP"]
[Date "2008.07.15"]
[Round "3.2"]
[White "Rojas, Luis"]
[Black "Almeida Quintana, Omar"]
[Result "1-0"]
[WhiteElo "2406"]
[BlackElo "2524"]
[PlyCount "75"]
[EventDate "2008.07.13"]
[EventType "swiss"]
[EventRounds "9"]
[EventCountry "ESP"]
[SourceTitle "Ajedrez en Madrid"]
[Source "lmi"]
[SourceDate "2008.07.13"]
[SourceVersion "1"]
[SourceVersionDate "2019.07.10"]
[SourceQuality "1"]

1. e4 c5 2. Nf3 Nc6 3. d4 cxd4 4. Nxd4 Nf6 5. Nc3 d6 6. Bc4 Qb6 7. Nb3 e6 8.
O-O a6 9. Be3 Qc7 10. f4 b5 11. Bd3 Bb7 12. Qf3 Be7 13. Qh3 g6 14. a4 b4 15.
Ne2 h5 16. a5 Ng4 17. Bb6 Qb8 18. Kh1 Bd8 19. Bg1 Bf6 20. Rab1 Bd8 21. Ra1 Bf6
22. c3 Bc8 23. Nd2 e5 24. f5 gxf5 25. exf5 d5 26. c4 e4 27. Bc2 Ne7 28. cxd5
Nxf5 29. Nxe4 Be5 30. Nf6+ Bxf6 31. Bxf5 Bxb2 32. Rae1 Kf8 33. Bc5+ Kg7 34. Ng3
Bxf5 35. Rxf5 Nf6 36. Rg5+ Kh6 37. Be3 Re8 38. Rxh5+ 1-0

[Event "I Open Ciudat de Sabadell 2008"]
[Site "Sabadell ESP"]
[Date "2008.07.15"]
[Round "3.3"]
[White "Kovchan, Alexander"]
[Black "Manole, Vasile"]
[Result "1/2-1/2"]
[WhiteElo "2520"]
[BlackElo "2378"]
[PlyCount "136"]
[EventDate "2008.07.13"]
[EventType "swiss"]
[EventRounds "9"]
[EventCountry "ESP"]
[SourceTitle "Ajedrez en Madrid"]
[Source "lmi"]
[SourceDate "2008.07.13"]
[SourceVersion "1"]
[SourceVersionDate "2019.07.10"]
[SourceQuality "1"]

1. e4 e6 2. d4 d5 3. Nc3 Nf6 4. e5 Nfd7 5. f4 c5 6. Nf3 Nc6 7. Be3 a6 8. Qd2 b5
9. a3 Bb7 10. Ne2 Be7 11. g3 Qa5 12. Qxa5 Nxa5 13. dxc5 Nc4 14. Bd4 Nxc5 15. b3
Nb6 16. Nc3 Rc8 17. Nd1 Nbd7 18. Ne3 g6 19. Bg2 Ne4 20. Nd2 Bc5 21. Bxc5 Ndxc5
22. Bxe4 dxe4 23. a4 b4 24. Ndc4 Ke7 25. O-O-O Rhd8 26. Kb2 Rxd1 27. Rxd1 Bc6
28. Nd6 Rc7 29. Ng4 a5 30. Nf6 h5 31. h4 Bd5 32. Rxd5 exd5 33. Nxd5+ Kd7 34.
Nxc7 Kxc7 35. Nc4 Kd7 36. Nxa5 e3 37. Kc1 Ne4 38. Kd1 Nxg3 39. Nc4 Nf5 40. Ke2
Kc6 41. Nxe3 Nxh4 42. Kf2 Kc5 43. Kg3 g5 44. fxg5 Ng6 45. Nc4 Kc6 46. a5 Kb5
47. Kf3 Ka6 48. Ke4 h4 49. Kf3 h3 50. Kg3 Nf4 51. Kh2 Kb5 52. Nd6+ Kxa5 53.
Nxf7 Kb6 54. Nh8 Kc6 55. g6 Ne6 56. Nf7 Kd5 57. Ng5 Ng7 58. e6 Ke5 59. Kxh3 Kf6
60. Kg4 Kxg6 61. Ne4 Nxe6 62. c3 bxc3 63. Nxc3 Kf6 64. b4 Ke5 65. b5 Kd6 66.
Na4 Nc7 67. b6 Kc6 68. bxc7 Kxc7 1/2-1/2

[Event "I Open Ciudat de Sabadell 2008"]
[Site "Sabadell ESP"]
[Date "2008.07.15"]
[Round "3.5"]
[White "Abreu Delgado, Aryam"]
[Black "Morros Faura, Ricard"]
[Result "1/2-1/2"]
[WhiteElo "2502"]
[BlackElo "2177"]
[PlyCount "53"]
[EventDate "2008.07.13"]
[EventType "swiss"]
[EventRounds "9"]
[EventCountry "ESP"]
[SourceTitle "Ajedrez en Madrid"]
[Source "lmi"]
[SourceDate "2008.07.13"]
[SourceVersion "1"]
[SourceVersionDate "2019.07.10"]
[SourceQuality "1"]

1. e4 c5 2. Nf3 d6 3. d4 cxd4 4. Nxd4 Nf6 5. Nc3 g6 6. Be3 Bg7 7. f3 Nc6 8. Qd2
O-O 9. Bc4 Bd7 10. O-O-O Rb8 11. Bb3 Na5 12. Bh6 Nxb3+ 13. Nxb3 b5 14. Bxg7
Kxg7 15. Nd5 Nxd5 16. exd5 Rc8 17. h4 h6 18. Qd4+ f6 19. g4 Qc7 20. Rd2 a5 21.
h5 a4 22. Qd3 axb3 23. Qxg6+ Kh8 24. Qxh6+ Kg8 25. Qg6+ Kh8 26. Qh6+ Kg8 27.
Qg6+ 1/2-1/2

[Event "I Open Ciudat de Sabadell 2008"]
[Site "Sabadell ESP"]
[Date "2008.07.15"]
[Round "3.7"]
[White "Perez*, Mitjans Orelvis"]
[Black "Martorell Aubanell, Adria"]
[Result "1-0"]
[WhiteElo "2441"]
[BlackElo "2159"]
[PlyCount "71"]
[EventDate "2008.07.13"]
[EventType "swiss"]
[EventRounds "9"]
[EventCountry "ESP"]
[SourceTitle "Ajedrez en Madrid"]
[Source "lmi"]
[SourceDate "2008.07.13"]
[SourceVersion "1"]
[SourceVersionDate "2019.07.10"]
[SourceQuality "1"]

1. e4 c5 2. Nf3 Nc6 3. d4 cxd4 4. Nxd4 Nf6 5. Nc3 e5 6. Ndb5 d6 7. Nd5 Nxd5 8.
exd5 Ne7 9. c3 Nf5 10. a4 Be7 11. Bd3 Nh4 12. O-O O-O 13. Be3 a6 14. Na3 f5 15.
f3 Bg5 16. Bf2 f4 17. Nc4 Bf5 18. a5 Qe7 19. Ra4 Rad8 20. Rb4 Bxd3 21. Qxd3 Nf5
22. Nd2 Bh4 23. Bb6 Rd7 24. Ne4 g5 25. c4 h5 26. c5 Qg7 27. c6 Rdf7 28. Rc4 Ne3
29. Bxe3 fxe3 30. Nxd6 Bf2+ 31. Kh1 g4 32. fxg4 Rf4 33. c7 Rxg4 34. c8=Q Rxg2
35. Qxf8+ Kxf8 36. Qf5+ 1-0

[Event "I Open Ciudat de Sabadell 2008"]
[Site "Sabadell ESP"]
[Date "2008.07.15"]
[Round "3.8"]
[White "Gongora Reyes, Maikel"]
[Black "Amor Alcaide, Manuel"]
[Result "1-0"]
[WhiteElo "2436"]
[BlackElo "1990"]
[PlyCount "75"]
[EventDate "2008.07.13"]
[EventType "swiss"]
[EventRounds "9"]
[EventCountry "ESP"]
[SourceTitle "Ajedrez en Madrid"]
[Source "lmi"]
[SourceDate "2008.07.13"]
[SourceVersion "1"]
[SourceVersionDate "2019.07.10"]
[SourceQuality "1"]

1. d4 d5 2. c4 e5 3. dxe5 d4 4. Nf3 c5 5. g3 Nc6 6. Bg2 Be6 7. Nbd2 Qc7 8. O-O
Be7 9. Qa4 f6 10. b4 Bd7 11. e6 Bxe6 12. bxc5 Bd7 13. Ne4 h5 14. Rb1 g5 15. Ba3
h4 16. Nd6+ Bxd6 17. cxd6 Qc8 18. Qb3 Rb8 19. Rfd1 hxg3 20. fxg3 Bh3 21. Bh1
Bd7 22. Nxd4 Kf7 23. Nxc6 Bxc6 24. d7 Bxd7 25. Bxb7 Ne7 26. Bxc8 Rxb3 27. Rxb3
Bxc8 28. Bxe7 Kxe7 29. Rb8 g4 30. Rd5 Ke6 31. Rc5 Kd7 32. Rbxc8 Rxc8 33. Rxc8
Kxc8 34. Kf2 Kd7 35. Ke3 Kd6 36. Kf4 Kc5 37. Kxg4 Kxc4 38. h4 1-0

[Event "I Open Ciudat de Sabadell 2008"]
[Site "Sabadell ESP"]
[Date "2008.07.15"]
[Round "3.9"]
[White "Jankovic, Alojzije"]
[Black "Arshad Bakhtiari, Fatollah"]
[Result "1-0"]
[WhiteElo "2532"]
[BlackElo "1955"]
[PlyCount "107"]
[EventDate "2008.07.13"]
[EventType "swiss"]
[EventRounds "9"]
[EventCountry "ESP"]
[SourceTitle "Ajedrez en Madrid"]
[Source "lmi"]
[SourceDate "2008.07.13"]
[SourceVersion "1"]
[SourceVersionDate "2019.07.10"]
[SourceQuality "1"]

1. d4 d5 2. c4 c6 3. Nc3 e6 4. e3 Nf6 5. Nf3 Nbd7 6. Bd3 dxc4 7. Bxc4 Be7 8. e4
Nb6 9. Bd3 c5 10. dxc5 Bxc5 11. O-O h6 12. Qe2 O-O 13. e5 Nfd5 14. Ne4 Nd7 15.
Ng3 Re8 16. h4 Be7 17. Qe4 Nf8 18. Rd1 Bd7 19. Nh5 f5 20. exf6 Nxf6 21. Nxf6+
Bxf6 22. Qxb7 Qa5 23. Bf4 Rac8 24. Be4 Ba4 25. Rdc1 Rxc1+ 26. Rxc1 Bb5 27. b4
Qa4 28. Rc7 Qxb4 29. Be5 Be7 30. Bc3 Qd6 31. Rxe7 Rxe7 32. Qxb5 Qf4 33. Qe5
Qc1+ 34. Kh2 Rf7 35. Bd2 Qa3 36. Qg3 Qa4 37. Qg4 Kh8 38. Ne5 Rf6 39. Bc3 Qa3
40. Qg3 Qc5 41. Ng4 Rf7 42. Nxh6 Rd7 43. Ng4 Rf7 44. Ne5 Rf6 45. f4 Qc7 46. Ng4
Rf7 47. Be5 Qd8 48. h5 Nd7 49. h6 Nxe5 50. Nxe5 Rc7 51. h7 g5 52. Qxg5 Qxg5 53.
fxg5 Kg7 54. g6 1-0

[Event "I Open Ciudat de Sabadell 2008"]
[Site "Sabadell ESP"]
[Date "2008.07.15"]
[Round "3.10"]
[White "Segarra Calderer, Albert"]
[Black "Wong Castaneda, Arturo"]
[Result "1/2-1/2"]
[WhiteElo "2080"]
[BlackElo "2139"]
[PlyCount "145"]
[EventDate "2008.07.13"]
[EventType "swiss"]
[EventRounds "9"]
[EventCountry "ESP"]
[SourceTitle "Ajedrez en Madrid"]
[Source "lmi"]
[SourceDate "2008.07.13"]
[SourceVersion "1"]
[SourceVersionDate "2019.07.10"]
[SourceQuality "1"]

1. d4 Nf6 2. e3 g6 3. Bd3 Bg7 4. f4 d6 5. Nf3 O-O 6. O-O c5 7. c3 b6 8. Qe2 Bb7
9. Nbd2 Nbd7 10. e4 cxd4 11. cxd4 e6 12. e5 Nd5 13. Ne4 dxe5 14. fxe5 Nb4 15.
Bg5 Qb8 16. Bb5 Nc6 17. Bxc6 Bxc6 18. Be7 Bxe4 19. Qxe4 Re8 20. Bd6 Qd8 21. h4
f5 22. Qe2 Bf8 23. Bxf8 Nxf8 24. Rac1 Rc8 25. Rc4 Qd7 26. Rfc1 Rxc4 27. Qxc4 h6
28. Qc7 Re7 29. Qd6 Qb7 30. Rc8 Qxc8 31. Qxe7 Qd7 32. Qf6 Qg7 33. Qd8 Qf7 34.
Kf2 Qd7 35. Qf6 Qf7 36. Qd8 f4 37. Qa8 Kg7 38. Qe4 Nh7 39. g4 fxg3+ 40. Kxg3
Qc7 41. Qg4 Qe7 42. Qe4 Nf8 43. Nh2 g5 44. hxg5 Qxg5+ 45. Qg4 Kg6 46. Nf3 Qxg4+
47. Kxg4 Nd7 48. Nh4+ Kg7 49. Kf4 Nf8 50. Ke4 Ng6 51. Nf3 Ne7 52. Nh4 Nd5 53.
a3 h5 54. Ng2 Kh6 55. Ne1 h4 56. Nd3 Kg5 57. Kf3 Kf5 58. Nf2 b5 59. Ne4 b4 60.
Nd6+ Kg5 61. Nf7+ Kg6 62. Nd8 bxa3 63. bxa3 Kf5 64. Nc6 a6 65. a4 Nb6 66. Nb4
Nxa4 67. Nxa6 Nb6 68. Nc7 Nc4 69. Nxe6 Nd2+ 70. Kg2 Kxe6 71. Kh3 Nf3 72. Kg4
Nxd4 73. Kxh4 1/2-1/2